| Поле | Инд. | ПП | Название | Значение |
|---|---|---|---|---|
| Тип записи | a | |||
| Библиографический уровень | b | |||
| 001 | Контрольный номер | RU/IS/BASE/288956884 | ||
| 005 | Дата корректировки | 20220715140346.4 | ||
| 008 | Кодируемые данные | 20090226 | ||
| 040 | b | Код языка каталог. | rus | |
| e | Правила каталог. | PSBO | ||
| 041 | 0_ | a | Код языка текста | rus |
| 084 | a | Индекс другой классификации/Индекс ББК | 66.2(54); 66.4(2Рос),03 | |
| 100 | 1_ | a | Автор | Корецкий В. А. |
| q | Полное имя | Корецкий Валерий Александрович | ||
| 245 | 10 | a | Заглавие | К вопросу о социально-политической ситуации в Центральной Азии |
| 504 | a | Библиография | Библиогр. ссылки. - Примеч. | |
| 650 | 14 | a | Основная рубрика | внешняя политика |
| a | Основная рубрика | международные отношения | ||
| a | Основная рубрика | политика | ||
| a | Основная рубрика | современное политическое положение | ||
| 653 | 1_ | a | Ключевые слова | военные базы |
| a | Ключевые слова | геополитика | ||
| a | Ключевые слова | геополитический анализ | ||
| a | Ключевые слова | Казахстан | ||
| a | Ключевые слова | Киргизия | ||
| a | Ключевые слова | Россия | ||
| a | Ключевые слова | США | ||
| a | Ключевые слова | терроризм | ||
| a | Ключевые слова | Туркмения | ||
| a | Ключевые слова | Узбекистан | ||
| a | Ключевые слова | Центральная Азия | ||
| a | Ключевые слова | Шанхайская организация сотрудничества (ШОС) | ||
| a | Ключевые слова | экономическое сотрудничество | ||
| a | Ключевые слова | энергетическое сотрудничество | ||
| 773 | 08 | t | Заглавие источника | Вестник Московского университета. Серия 18, Социология и политология |
| d | Дата издания источника | 2008 | ||
| g | Прочая информация | № 2. - С. 29 - 38 | ||
| w | Контрольный № источника | RU/IS/BASE/286474427 | ||
| 901 | t | Тип документа | b |